00406nam a22001577a 4500003001200000005001700012008004100029020001500070020001500085040001200100082001500112100002000127245006000147260001100207650003000218NUST - PNEC20170116180949.0150908b xxu||||| |||| 00| 0 eng d a0471837997 a0471838128 cLIBRARY a005.42 FAR a Farkas, Daniel a UNIX for programmers : an introductioncFarkas, Daniel cc.1988 aUNIX (Computer file)xMIS